Normal view
MARC view
- Grounded Theory.
Entry Topical Term
001 - CONTROL NUMBER
- control field: 4449
003 - CONTROL NUMBER IDENTIFIER
- control field: NUST
005 - DATE AND TIME OF LATEST TRANSACTION
- control field: 20170829121945.0
008 - FIXED-LENGTH DATA ELEMENTS
- fixed length control field: 170829|| aca||aabn | a|a d
040 ## - CATALOGING SOURCE
- Original cataloging agency: NUST
- Transcribing agency: NUST
150 ## - HEADING--TOPICAL TERM
- Topical term or geographic name entry element: Grounded Theory.
670 ## - SOURCE DATA FOUND
- Source citation: Work cat.: (NUST)0: Charmaz, Kathy, 1939- 4447, Constructing grounded theory /
